000 00324nam a22001217a 4500
020 _a978-93-272-6440-1
082 _a31:631
_bSAR
100 _aSARMA (Abhijith)
245 _aAgricultural statistics: For field and laboratory experimentation
260 _aLudhiana
_bKalyani Publishers
_c2016
300 _a749p.
942 _cBK
999 _c74682
_d74682